Informačné technológie v ekonomike a vzdelávaní II [zborník] z medzinárodnej dištančnej konferencie študentských vedeckých prác : 2. marca 2012, Bratislava

Uložené v:
Podrobná bibliografia
Korporácia: Informačné technológie v ekonomike a vzdelávaní. Medzinárodná dištančná konferencia študentských vedeckých prác, Fakulta hospodárskej informatiky EU. Katedra aplikovanej informatiky, Fakulta aplikovaných jazykov EU v Bratislave. Katedra románskych a slovanských jazykov
Ďalší autori: Kultan, Jaroslav, 1960-, Strelková, Katarína
Médium: Kniha
Jazyk:Slovak
Russian
English
Vydavateľské údaje: Kazaň Juniversum 2012
Predmet:
Tagy: Pridať tag
Žiadne tagy, Buďte prvý, kto otaguje tento záznam!

MARC

LEADER 00000nam a2200000 4500
001 0152744
005 20240502072724.1
020 |a 978-5-9991-0170-9 
041 0 |a slo 
041 0 |a rus 
041 0 |a eng 
044 |a SK 
245 1 0 |a Informačné technológie v ekonomike a vzdelávaní II  |b [zborník] z medzinárodnej dištančnej konferencie študentských vedeckých prác : 2. marca 2012, Bratislava  |c zostavili Jaroslav Kultan, Katarína Strelková 
264 1 |a Kazaň  |b Juniversum  |c 2012 
300 |a 138 s. 
610 2 0 |a technológie informačné 
610 2 0 |a vzdelávanie 
610 2 0 |a systémy riadenia 
610 2 0 |a riadenie 
610 2 0 |a ekonómia 
610 2 0 |a hospodárstvo národné 
610 2 0 |a Rusko 
700 1 |a Kultan, Jaroslav, 1960- 
700 1 |a Strelková, Katarína 
110 2 |a Informačné technológie v ekonomike a vzdelávaní. Medzinárodná dištančná konferencia študentských vedeckých prác 
710 2 |a Fakulta hospodárskej informatiky EU. Katedra aplikovanej informatiky 
710 2 |a Fakulta aplikovaných jazykov EU v Bratislave. Katedra románskych a slovanských jazykov